Statistics for Top NBA Player by Draft Class

Click here to take the quiz!

General Stats

  • This quiz has been taken 31,889 times
    (749 since last reset)
  • The average score is 23 of 42

Answer Stats

Year Pick # College Top Player % Correct
20031(High School)LeBron James
92%
19843North CarolinaMichael Jordan
87%
20072TexasKevin Durant
84%
201315(Greece)Giannis Antetokounmpo
84%
199613(High School)Kobe Bryant
83%
20183(Slovenia)Luka Dončić
81%
19791Michigan StateMagic Johnson
80%
19921LSUShaquille O'Neal
80%
19989(Germany)Dirk Nowitzki
77%
19971Wake ForestTim Duncan
76%
19786Indiana StateLarry Bird
76%
20121KentuckyAnthony Davis
76%
20084UCLARussell Westbrook
73%
20093Arizona StateJames Harden
72%
19871NavyDavid Robinson
71%
20013(Spain)Pau Gasol
71%
20161LSUBen Simmons
67%
20054Wake ForestChris Paul
65%
20151KentuckyKarl-Anthony Towns
65%
20041(High School)Dwight Howard
62%
19955(High School)Kevin Garnett
60%
201441(Serbia)Nikola Jokić
60%
198513Louisiana TechKarl Malone
53%
201130MarquetteJimmy Butler
49%
198314HoustonClyde Drexler
47%
19942CalJason Kidd
45%
201010Fresno StatePaul George
45%
200016(Turkey)Hedo Turkoglu
42%
198926(Serbia)Vlade Divac
40%
19813MarylandBuck Williams
37%
19902Oregon StateGary Payton
35%
20062TexasLaMarcus Aldridge
34%
201722TexasJarrett Allen
33%
19803MinnesotaKevin McHale
29%
19823GeorgiaDominique Wilkins
29%
201921GonzagaBrandon Clarke
28%
19914GeorgetownDikembe Mutombo
27%
20029(High School)Amare Stoudemire
26%
199324Florida StateSam Cassell
18%
19999UNLVShawn Marion
17%
198646Iowa StateJeff Hornacek
16%
19886BradleyHersey Hawkins
15%

Score Distribution

Percentile by Number Answered

Percent of People with Each Score

Your Score History

You have not taken this quiz since the last reset